Statistics for Vegetables by Picture

Click here to take the quiz!

General Stats

  • This quiz has been taken 44,157 times
  • The average score is 15 of 20

Answer Stats

Answer% Correct
Corn
100%
Tomato
98%
Pumpkin
97%
Eggplant
95%
Bell Pepper
93%
Cucumber
92%
Cauliflower
88%
Ginger
85%
Brussels Sprout
84%
Radish
83%
Asparagus
82%
Beet
80%
Butternut Squash
73%
Turnip
67%
Leek
63%
Rhubarb
59%
Artichoke
58%
Parsnip
50%
Okra
48%
Fennel
34%

Score Distribution

Percentile by Number Answered

Percent of People with Each Score

Your Score History

You have not taken this quiz